Normal view
MARC view
- Galván Tello, María del Carmen
Entry Nombre Personal
001 - NUMERO DE CONTROL
- campo de control: 48355
003 - IDENTIFICADOR DE NUMERO DE CONTROL
- campo de control: DLC
005 - FECHA Y HORA DE LA ÜLTIMA TRANSACCIÓN
- campo de control: 20230316114033.0
008 - DATOS DE LONGITUD FIJA
- campo de control de longitud fija: 120802n| azannaabn |a aaa c
010 ## - NÚMERO DE CONTROL DE LA BIBLIOTECA DEL CONGRESO
- Número de control LC: no2012104438
035 ## - NUMERO DE CONTROL
- Número de control: (OCoLC)oca09266999
040 ## - FUENTE DE CATALOGACIÓN
- Agencia original de catalogación: CSt
- Lenguaje de catalogación: spa
- Description conventions: rda
- Agencia de transcripción: CSt
- Agencia que lo modifica: DLC
- Agencia que lo modifica: MX-MxUPN
100 1# - ENCABEZAMIENTO - NOMBRE PERSONAL
- Nombre personal: Galván Tello, María del Carmen
370 ## - LUGAR ASOCIADO
- Associated country: Mexico
- Fuente del término: naf
372 ## - CAMPO DE ACTIVIDAD
- Field of activity: Derecho
- Fuente del término: lemb
373 ## - GRUPO ASOCIADO
- Associated group: Universidad Autónoma de Coahuila. Facultad de Jurisprudencia
- Fuente del término: naf
374 ## - OCUPACIÓN
- Occupation: Profesores universitarios
- Fuente del término: lemb
377 ## - LENGUA ASOCIADA
- Language code: spa
400 1# - VEÁSE - NOMBRE DE PERSONA
- Personal name: Tello, María del Carmen Galván
670 ## - FUENTE EN LA QUE SE LOCALIZARON DATOS
- Cita de la fuente: Juzgar con perspectiva de género, 2018:
- Información localizada: Lista de autores (Doctora en Planeación y Liderazgo Educativo por la UANE, Maestra en Derecho, Especialista en Justicia Constitucional y Licenciada en Derecho por la Facultad de Jurisprudencia de la UAdeC; Catedrática de la Facultad de Jurisprudencia de la UAdeC).
902 ## - CATALOGADOR
- Catalogador: VíctorGodínez/160323
